000
00197 a2200097 4500
020
_a
9781580890984
041
_a
spa
100
_a
Bowie, C.W.
245
_a
Laboriosos deditos de los pies
942
_c
BK
999
_c
4149
_d
4149